00493 2200193 4500001002100000005001500021035002000036007000300056008004100059020001800100082001000118084001600128100002000144245004400164260003200208300003000240650001600270990001300286INLIS00000000000055920230104074054 a0010-0123000026ta230104 g 0 ind  a979-722-197-0 a294.5 a294.5 R.T y0 aR.T.H. Griffith1 aYajurveda :bSamhita /cR.T.H. Griffith aSurabaya :bParamita,c2005 a690 hlm. :bIlus ;c24 cm 4aAgama Hindu a06810681